000 00867cam a22002532 4500
001 0000003136
005 20151217151916.0
008 070430s xx 000 0 eng d
020 _a074252373X :
_cKES 2,200
040 _aKABU
_cKABU
050 0 _aHM651
_b.J36
100 1 _aJansen, Sue Curry.
_@0000152795
245 1 0 _aCritical comunication theory :
_bnew media, science, technology, and gender /
_cSue Curry Jansen.
260 _aLanham :
_bRowman & Littlefield,
_cc2002.
300 _ax, 275 p. ;
_c23 cm.
440 0 _aCritical media studies
_@0000152796
504 _aIncludes bibliographical references and index.
650 0 _aCommunication
_xSocial aspects.
_@0000152797
650 0 _aKnowledge, Sociology of.
_@0000152798
650 0 _aIdeology.
_@0000152799
908 _a070430
950 _@1
999 _c6243
_d6243